| 000 | 00989nam a2200253 a 4500 | ||
|---|---|---|---|
| 001 | 000004842 | ||
| 005 | 20240305140450.0 | ||
| 008 | 090727s1997 dr r 000 0 spa d | ||
| 040 |
_aDO-SdBNP _bspa _cBNPHU |
||
| 082 |
_a365.3 _bM827d |
||
| 100 | 1 |
_aMora, Wilfredo, _d1965- _912701 |
|
| 245 | 1 | 0 |
_aDiario de la cárcel : _bescritos y papeles de criminología penitenciaria / _cWilfredo Mora. |
| 260 |
_aSanto Domingo : _bCEDIBIL, _c1997. |
||
| 300 |
_a132 p. ; _c21 cm. |
||
| 490 | 1 |
_aCalímaco _v7 |
|
| 490 | 1 |
_aMonografías y ensayos _v3 |
|
| 500 | _aIncluye referencias bibliográficas y notas al pie de las páginas | ||
| 650 | 4 |
_aPrisiones _zRepública Dominicana _xEnsayos, conferencias, etc. _914049 |
|
| 650 | 4 |
_aPrisiones _xAspectos psicologícos _xEnsayos, conferencias, etc. _914050 |
|
| 650 | 4 |
_aTrabajo e las prisiones _zRepública Dominicana _914051 |
|
| 830 | 0 |
_aCalímaco _v7 _914052 |
|
| 830 | 0 |
_aMonografías y ensayos _v3 _914053 |
|
| 910 | _aValidado. Control de calidad. MFF | ||
| 999 |
_c4648 _d4648 |
||